000
00269nam a22001217a 4500
008
180119b xxu||||| |||| 00| 0 eng d
041
_a
eng
080
_a
330.722
100
_a
62
101
_a
kon
245
_a
quickbooks accountamt 2013
_c
owen.g
942
_2
udc
_c
BK
999
_c
40554
_d
40554